| 000 | 00907nam2a22002291 4500 | ||
|---|---|---|---|
| 001 | rc\750353 | ||
| 005 | 20250622134805.0 | ||
| 035 | _a(NLR Aleph) 006322388 | ||
| 090 |
_a7463550 _c7463550 |
||
| 100 | _a20040301d1987 |||y0rusy50 ca | ||
| 101 | 0 | _arus | |
| 102 | _aRU | ||
| 105 | _aa ||||||||| | ||
| 200 | 1 |
_a[Н - Я _fП.А. Грищук и др.] |
|
| 210 |
_d1987 _aБ. м. |
||
| 215 |
_a318, [1] с., [20] л. ил. _cил. |
||
| 461 | 0 |
_1001rc\750351 _12001#$aВоенно-морской словарь для юношества$e[В 2 т.]$fПод общ. ред. П.А. Грищука$vТ. 2 _97463533 _cМ. _d1985- _fПод общ. ред. П.А. Грищука _nИзд-во ДОСААФ _o[В 2 т.] _tВоенно-морской словарь для юношества _vТ. 2 |
|
| 801 | 0 |
_aRU _bNLR _gpsbo |
|
| 801 | 1 |
_aRU _bELAR _2rusmarc |
|
| 852 |
_aNLR _bС _jК-2/3087 |
||
| 942 | _cBOOK | ||
| 980 | _aNB | ||